Psychology in physical education and sports (Record no. 393769)

MARC details
000 -LEADER
fixed length control field 00539 a2200205 4500
005 - DATE & TIME
control field 20260129102120.0
008 - FIXED-LENGTH DATA ELEMENTS--GENERAL INFORMATION
fixed length control field 260128b |||||||| |||| 00| 0 eng d
020 ## - ISBN
International Standard Book Number 9788175246096
Price Rs. 1300.00
040 ## - CATALOGING SOURCE
Original cataloging agency VIVEKANANDA LIBRARY
082 ## - DDC NUMBER
Classification number 796.07019
Book Number K128P
100 ## - MAIN ENTRY--PERSONAL NAME
Personal name Kamlesh, M L
245 ## - TITLE STATEMENT
Title Psychology in physical education and sports
250 ## - EDITION STATEMENT
Edition statement 6th
260 ## - PUBLICATION, DISTRIBUTION, ETC. (IMPRINT)
Name of publisher, distributor, etc Khel Sahitya Kendra
Date of publication, distribution, etc 2024
Place of publication, distribution, etc New Delhi
300 ## - PHYSICAL DESCRIPTION
Pages ix, 587
650 ## - Subject
Subject Physical Education
650 ## - Subject
Subject Sports
650 ## - Subject
Subject Growth Development
942 ## - ADDED ENTRY ELEMENTS (KOHA)
Koha item type Books
Holdings
Withdrawn status Lost status Source of classification or shelving scheme Damaged status Not for loan Location (home branch) Sublocation or collection (holding branch) Shelving location Date acquired Koha issues (times borrowed) Koha full call number Accession No. Koha date last seen Koha item type
    Dewey Decimal Classification     VIVEKANANDA LIBRARY VIVEKANANDA LIBRARY Vivekananda Library 03/12/2025 1 796.07019 K128P 443376 17/04/2026 Books
© Designed and Maintained by Vivekananda Library, MDU Rohtak